Normal view
MARC view
- POLYMER AND POLINERIZATION FRACTURE
Entry Topical Term
001 - CONTROL NUMBER
- control field: 66525
003 - CONTROL NUMBER IDENTIFIER
- control field: NUST
005 - DATE AND TIME OF LATEST TRANSACTION
- control field: 20210628203615.0
008 - FIXED-LENGTH DATA ELEMENTS
- fixed length control field: 210628|| aca||aabn | a|a d
040 ## - CATALOGING SOURCE
- Original cataloging agency: NUST
- Transcribing agency: NUST
150 ## - HEADING--TOPICAL TERM
- Topical term or geographic name entry element: POLYMER AND POLINERIZATION FRACTURE
670 ## - SOURCE DATA FOUND
- Source citation: Work cat.: (NUST): KAUSCH, HANS-HANNING 66524, POLYMER FRACTURE , WITH 180 FIGURE, 1987
